<?xml version="1.0" encoding="UTF-8"?>
<collection xmlns="http://www.loc.gov/MARC21/slim">
 <record>
  <leader>07630nam a2200505 a 4500</leader>
  <controlfield tag="001">kal1786</controlfield>
  <controlfield tag="003">Gr-AtHEAL</controlfield>
  <controlfield tag="005">20160421100022.0</controlfield>
  <controlfield tag="006">m        d        </controlfield>
  <controlfield tag="008">160413s2015    gr      s           gre|c</controlfield>
  <datafield tag="020" ind1=" " ind2=" ">
   <subfield code="a">9789606033216</subfield>
  </datafield>
  <datafield tag="040" ind1=" " ind2=" ">
   <subfield code="a">GR-AtHEAL</subfield>
   <subfield code="b">gre</subfield>
   <subfield code="c">GR-AtHEAL</subfield>
  </datafield>
  <datafield tag="082" ind1="0" ind2="4">
   <subfield code="a">725.23</subfield>
   <subfield code="2">23</subfield>
  </datafield>
  <datafield tag="100" ind1="1" ind2=" ">
   <subfield code="a">Γεωργιάδου, Ζωή.</subfield>
   <subfield code="8">576</subfield>
  </datafield>
  <datafield tag="245" ind1="1" ind2="0">
   <subfield code="a">Χώροι γραφείων</subfield>
   <subfield code="h">[Ηλεκτρονικός πόρος] </subfield>
   <subfield code="b">Μια ιστορία αρχιτεκτονικής εσωτερικών χώρων</subfield>
   <subfield code="c">Γεωργιάδου, Ζωή ;  Φράγκου, Διονυσία ; Μοίρα, Μαρία ; Κλωνιζάκης, Αριστείδης ; Ηλίας, Παναγιώτης ;  Κριτικός αναγνώστης,Μωραΐτης, Κωνσταντίνος ; Τεχνική επιμέλεια, Ηλία-Γεωργιάδου, Ελιζαμπέττα ; Τεχνική επιμέλεια,Kosemund-Σανίδης, Ευθύμιος.</subfield>
  </datafield>
  <datafield tag="260" ind1=" " ind2=" ">
   <subfield code="a">Αθήνα :</subfield>
   <subfield code="b">Σύνδεσμος Ελληνικών Ακαδημαϊκών Βιβλιοθηκών,</subfield>
   <subfield code="c">c2015.</subfield>
  </datafield>
  <datafield tag="490" ind1=" " ind2=" ">
   <subfield code="a">Ακαδημαϊκά Ηλεκτρονικά Συγγράμματα και Βοηθήματα Κάλλιπος</subfield>
   <subfield code="8">40</subfield>
  </datafield>
  <datafield tag="505" ind1="0" ind2=" ">
   <subfield code="a">Πρόλογος (Κωνσταντίνος Μωραΐτης)Εισαγωγή (Ζωή Γεωργιάδου)1ο Μέρος: Η τυπολογία των χώρων γραφείων (Ζωή Γεωργιάδου)Κεφάλαιο 1ο: Ιστορική αναδρομή (Ζωή Γεωργιάδου)Κεφάλαιο 2ο: Πρότυπα χωρικής οργάνωσης (Ζωή Γεωργιάδου)Κεφάλαιο 3ο: Σύγχρονες οργανωτικές μορφές γραφείων (Ζωή Γεωργιάδου)2ο Μέρος: Σύγχρονες τάσεις, πρότυπα και χώροι εργασίας (Ζωή Γεωργιάδου)Κεφάλαιο 4ο: Σύγχρονες τάσεις, πρότυπα και χώροι εργασίας: η μετάβαση (Ζωή Γεωργιάδου)Κεφάλαιο 5ο: Το εικονικό και το αυτοματοποιημένο γραφείο (Ζωή Γεωργιάδου)Κεφάλαιο 6ο: Το εναλλακτικό γραφείο και το προσωπικό γραφείο (Ζωή Γεωργιάδου)Κεφάλαιο 7ο: Το βιοκλιματικό ή περιβαλλοντικά φιλικό γραφείο (Ζωή Γεωργιάδου)Κεφάλαιο 8ο: Επανάχρηση κτιρίων ως χώρων γραφείων (Ζωή Γεωργιάδου).3ο Μέρος: Ο Σχεδιασμός και οι Συνθετικές Παράμετροι (Άρης Κλωνιζάκης, Μαρία Μοίρα)Κεφάλαιο 9ο: Συνθετική διαδικασία (Άρης Κλωνιζάκης, Μαρία Μοίρα)Κεφάλαιο 10ο: Εξοπλισμός και επίπλωση των χώρων εργασίας (Μαρία Μοίρα,  Διονυσία Φράγκου)Κεφάλαιο 11ο: Οι εγκαταστάσεις (Άρης Κλωνιζάκης)Κεφάλαιο 12ο: Τα υλικά και το χρώμα (Ζωή Γεωργιάδου, Διονυσία Φράγκου)</subfield>
  </datafield>
  <datafield tag="520" ind1=" " ind2=" ">
   <subfield code="a">Οι χώροι γραφείων αποτελούν μια θεματική περιοχή με ελάχιστη ελληνική βιβλιογραφία. Το βιβλίο αυτό στοχεύει στην κάλυψη αυτού του κενού, προσφέροντας υλικό, το οποίο αναφέρεται στην ιστορική εξέλιξη αυτών των χώρων, τα σύγχρονα οργανωτικά μοντέλα του ανθρώπινου δυναμικού, τη λειτουργική δομή, αλλά κυρίως τους τύπους χωρικής οργάνωσης. Η δυνατότητα του κτιριακού κελύφους να υποστηρίζει διαφορετικά οργανωτικά μοντέλα, συνεπάγεται την προσαρμογή του εσωτερικού χώρου σε διαφορετικούς τρόπους σχεδιασμού. Έτσι ο σχεδιασμός αυτών των χώρων περιλαμβάνει τα χωρικά μέρη του έργου: το κτιριακό κέλυφος, τα διαρθρωτικά στοιχεία του εσωτερικού χώρου-δάπεδα, τοίχους, διαχωριστικά και οροφές,τις ηλεκτρομηχανολογικές εγκαταστάσεις με έμφαση στο σχεδιασμό του φωτισμού, καθώς και την επίπλωση και τα υλικά, ως στοιχείων του σκηνικού. Η εξέλιξη της τεχνολογίας ανέδειξε νέους τρόπους εργασίας, συνδέοντας τους με σύγχρονες μεταπλάσεις στους χώρους και νέες συνθήκες που υπαγορεύονται σε αυτούς. Στα πλαίσια αυτά αναφέρονται το αυτοματοποιημένο και το εικονικό γραφείο, το εναλλακτικό και το ατομικό γραφείο, το περιβαλλοντικά φιλικό γραφείο, ενώ γίνεται μια επισκόπηση και παρουσίαση επιλεγμένων χώρων από την Ελληνική πραγματικότητα ως παραδειγμάτων των νέων μοντέλων.</subfield>
  </datafield>
  <datafield tag="650" ind1=" " ind2="0">
   <subfield code="a">Office buildings.</subfield>
   <subfield code="8">1672</subfield>
  </datafield>
  <datafield tag="653" ind1=" " ind2=" ">
   <subfield code="a">Τεχνολογία και σχεδιασμός</subfield>
  </datafield>
  <datafield tag="653" ind1=" " ind2=" ">
   <subfield code="a">Σχεδιασμός</subfield>
  </datafield>
  <datafield tag="653" ind1=" " ind2=" ">
   <subfield code="a">Εγκαταστάσεις γραφείων</subfield>
  </datafield>
  <datafield tag="653" ind1=" " ind2=" ">
   <subfield code="a">Επίπλωση γραφείων</subfield>
  </datafield>
  <datafield tag="653" ind1=" " ind2=" ">
   <subfield code="a">Χώροι εργασίας</subfield>
  </datafield>
  <datafield tag="653" ind1=" " ind2=" ">
   <subfield code="a">Εναλλακτικό γραφείο</subfield>
  </datafield>
  <datafield tag="653" ind1=" " ind2=" ">
   <subfield code="a">Βιοκλιματικό γραφείο</subfield>
  </datafield>
  <datafield tag="653" ind1=" " ind2=" ">
   <subfield code="a">Εικονικό γραφείο</subfield>
  </datafield>
  <datafield tag="653" ind1=" " ind2=" ">
   <subfield code="a">Οργάνωση εργασίας</subfield>
  </datafield>
  <datafield tag="653" ind1=" " ind2=" ">
   <subfield code="a">Φωτισμός</subfield>
  </datafield>
  <datafield tag="653" ind1=" " ind2=" ">
   <subfield code="a">Χώροι γραφείων</subfield>
  </datafield>
  <datafield tag="653" ind1=" " ind2=" ">
   <subfield code="a">Τεχνολογία και επιστήμες μηχανικών</subfield>
   <subfield code="a">Αρχιτεκτονική</subfield>
   <subfield code="a">Κοινωνιολογία του χώρου</subfield>
  </datafield>
  <datafield tag="653" ind1=" " ind2=" ">
   <subfield code="a">Τέχνες και γράμματα</subfield>
   <subfield code="a">Εικαστικές τέχνες</subfield>
   <subfield code="a">Αρχιτεκτονική</subfield>
  </datafield>
  <datafield tag="653" ind1=" " ind2=" ">
   <subfield code="a">Τεχνολογία και επιστήμες μηχανικών</subfield>
   <subfield code="a">Αρχιτεκτονική</subfield>
   <subfield code="a">Βιοκλιματική αρχιτεκτονική</subfield>
  </datafield>
  <datafield tag="653" ind1=" " ind2=" ">
   <subfield code="a">Τεχνολογία και επιστήμες μηχανικών</subfield>
   <subfield code="a">Αρχιτεκτονική</subfield>
   <subfield code="a">Τεχνολογία και κατασκευή κτηρίων</subfield>
  </datafield>
  <datafield tag="653" ind1=" " ind2=" ">
   <subfield code="a">Τεχνολογία και επιστήμες μηχανικών</subfield>
   <subfield code="a">Αρχιτεκτονική</subfield>
   <subfield code="a">Εσωτερικοί χώροι</subfield>
  </datafield>
  <datafield tag="700" ind1="1" ind2=" ">
   <subfield code="a">Κλωνιζάκης, Αριστείδης</subfield>
   <subfield code="e">Συγγραφέας</subfield>
   <subfield code="8">590</subfield>
  </datafield>
  <datafield tag="700" ind1="1" ind2=" ">
   <subfield code="a">Μοίρα, Μαρία</subfield>
   <subfield code="e">Συγγραφέας</subfield>
   <subfield code="8">591</subfield>
  </datafield>
  <datafield tag="700" ind1="1" ind2=" ">
   <subfield code="a">Φράγκου, Διονυσία</subfield>
   <subfield code="e">Συγγραφέας</subfield>
   <subfield code="8">592</subfield>
  </datafield>
  <datafield tag="700" ind1="1" ind2=" ">
   <subfield code="a">Μωραΐτης, Κωνσταντίνος</subfield>
   <subfield code="e">Κριτικός αναγνώστης</subfield>
   <subfield code="8">593</subfield>
  </datafield>
  <datafield tag="856" ind1="4" ind2="0">
   <subfield code="u">http://hdl.handle.net/11419/1786</subfield>
   <subfield code="z">Πλήρες Κείμενο - Full text</subfield>
  </datafield>
  <datafield tag="907" ind1=" " ind2=" ">
   <subfield code="a">.b25678103</subfield>
   <subfield code="b">12-06-18</subfield>
   <subfield code="c">29-07-16</subfield>
  </datafield>
  <datafield tag="949" ind1=" " ind2=" ">
   <subfield code="0">0</subfield>
   <subfield code="1">0</subfield>
   <subfield code="2">ddc</subfield>
   <subfield code="4">0</subfield>
   <subfield code="6">725_230000000000000_ΓΕΩ</subfield>
   <subfield code="7">0</subfield>
   <subfield code="8">KALL</subfield>
   <subfield code="8">569</subfield>
   <subfield code="d">2016-04-13</subfield>
   <subfield code="r">2016-04-13</subfield>
   <subfield code="w">2016-04-13</subfield>
   <subfield code="z">725.23 ΓΕΩ</subfield>
   <subfield code="o">SEAB KALLIPOS</subfield>
  </datafield>
  <datafield tag="998" ind1=" " ind2=" ">
   <subfield code="a">80</subfield>
   <subfield code="a">01</subfield>
   <subfield code="a">02</subfield>
   <subfield code="a">03</subfield>
   <subfield code="a">04</subfield>
   <subfield code="a">05</subfield>
   <subfield code="a">06</subfield>
   <subfield code="a">07</subfield>
   <subfield code="a">08</subfield>
   <subfield code="a">09</subfield>
   <subfield code="a">10</subfield>
   <subfield code="a">11</subfield>
   <subfield code="a">12</subfield>
   <subfield code="a">13</subfield>
   <subfield code="a">14</subfield>
   <subfield code="a">15</subfield>
   <subfield code="a">16</subfield>
   <subfield code="a">17</subfield>
   <subfield code="a">18</subfield>
   <subfield code="a">19</subfield>
   <subfield code="a">20</subfield>
   <subfield code="a">21</subfield>
   <subfield code="a">22</subfield>
   <subfield code="a">23</subfield>
   <subfield code="a">24</subfield>
   <subfield code="a">25</subfield>
   <subfield code="a">26</subfield>
   <subfield code="b">11-05-17</subfield>
   <subfield code="c">m</subfield>
   <subfield code="d">z  </subfield>
   <subfield code="e">-</subfield>
   <subfield code="f">gre</subfield>
   <subfield code="g">gr </subfield>
   <subfield code="h">0</subfield>
  </datafield>
  <datafield tag="942" ind1=" " ind2=" ">
   <subfield code="2">ddc</subfield>
   <subfield code="c">KALLIPOS</subfield>
  </datafield>
 </record>
</collection>
